| 000 | 00359nam a2200133Ia 4500 | ||
|---|---|---|---|
| 008 | 240624s9999 xx 000 0 und d | ||
| 041 | _aeng | ||
| 082 | _a658.406 DAW | ||
| 100 | _aDAWSON PATRICK | ||
| 245 | _aUNDERSTANDING ORGANIZATIONAL CHANGE THE | ||
| 260 |
_c2003 _aLondon _bSage International |
||
| 300 | _axii, : 208 : p. : cm. ; 24 | ||
| 365 |
_cGBP _b38 |
||
| 999 |
_c22575 _d22575 |
||